000 01133nam a2200157 a 4500
001 000026967
005 20240229073954.0
008 110328s1986 dr 000 0 spa d
040 _aDO-SdBNP
_bspa
_cBNPHU
082 _axxx
_bV422c
100 1 _aVega, Bernardo,
_d1938 -
_93222
245 1 0 _aControl y represión en la dictadura trujillista /
_cBernardo Vega.
260 _aSanto Domingo :
_bFundación Cultural Dominicana,
_c1986.
300 _a134 p. ;
_c28 cm.
505 2 _aIndice -- Introducción -- El control sobre los medios de comunicación -- El control sobre la correspondencia entre el país y el exterior -- El control sobre la correspondencia entre terceros países -- El control sobre la correspondencia interna -- La vigilancia sobre los periodistas extranjeros -- Se escucha y se bloquea la radio extranjera -- Se escucha el teléfono -- El control sobre las personas -- El control sobre los viajes internacionales -- La vigilancia sobre los diplomáticos extranjeros -- La vigilancia sobre los estudiantes en el extranjero -- Se envián desfectos a vivir en la frontera -- Controles misceláneos -- Índice onomástico.
999 _c26459
_d26459